| 000 | 00310nam a2200109Ia 4500 | ||
|---|---|---|---|
| 008 | 230907s9999||||xx |||||||||||||| ||und|| | ||
| 082 |
_a658.26 _bCAP |
||
| 100 |
_aCapehart, Barney _9118030 |
||
| 245 |
_aInformation technology for energy managers / _cBarney Capehart. |
||
| 260 | _c2019-09-27 | ||
| 942 |
_2ddc _cEB |
||
| 999 |
_c599643 _d599643 |
||